[Event "Hamburg Harburg 12th E"]
[Site "Hamburg"]
[Date "2017.08.06"]
[Round "5.2"]
[White "Niemann, Leon"]
[Black "Altenburg, Nils"]
[Result "1/2-1/2"]
[WhiteElo "1605"]
[BlackElo "1611"]
[PlyCount "79"]
[EventDate "2017.08.06"]
[EventType "tourn"]
[EventRounds "5"]
[EventCountry "GER"]
[SourceDate "2017.08.14"]
[WhiteTeam "SK Ricklingen"]
[BlackTeam "Hamburger SK von 1830 eV"]

1. e4 c6 2. d4 d5 3. exd5 cxd5 4. Bd3 Nc6 5. c3 Nf6 6. Nf3 Bg4 7. O-O e6 8. h3
Bh5 9. Bf4 Bd6 10. Bxd6 Qxd6 11. Nbd2 O-O 12. Qc2 Rac8 13. a3 Rfe8 14. Rfe1 a6
15. Rac1 Bxf3 16. Nxf3 Qf4 17. Qb1 g6 18. Ne5 Nxe5 19. Rxe5 Nd7 20. Re3 Rc7 21.
Rce1 Nb6 22. g3 Qf6 23. Kg2 Nc4 24. Bxc4 Rxc4 25. f4 Rec8 26. Re5 b5 27. R1e3
Qd8 28. Qe1 Qd6 29. Kf3 R4c6 30. g4 Re8 31. f5 Qd7 32. f6 h6 33. Qh4 Kh7 34. g5
h5 35. Qg3 Rec8 36. Kf2 Qd6 37. Rd3 Qd7 38. Re1 Kg8 39. Ra1 Rc4 40. Qe3 1/2-1/2

[Event "Hamburg Harburg 12th E"]
[Site "Hamburg"]
[Date "2017.08.06"]
[Round "5.1"]
[White "Raedisch, Peter"]
[Black "Lochmann, Viktor"]
[Result "0-1"]
[WhiteElo "1557"]
[BlackElo "1575"]
[PlyCount "98"]
[EventDate "2017.08.06"]
[EventType "tourn"]
[EventRounds "5"]
[EventCountry "GER"]
[SourceDate "2017.08.14"]
[WhiteTeam "SF Hamburg e.V. 1934"]
[BlackTeam "TV Fischbek Suederelbe"]

1. e4 d6 2. Nf3 Nf6 3. Nc3 Nc6 4. Bc4 g6 5. a3 Bg7 6. d3 O-O 7. Bd2 Bg4 8. h3
Bd7 9. Qc1 a6 10. Bh6 b5 11. Bxg7 Kxg7 12. Ba2 Na5 13. Qg5 e5 14. Qd2 c6 15.
Ng5 d5 16. exd5 cxd5 17. Nxd5 Nxd5 18. Bxd5 Rc8 19. Ba2 f6 20. Ne6+ Bxe6 21.
Bxe6 Rc6 22. Ba2 Rd6 23. Qb4 Nc6 24. Qg4 Nd4 25. Rc1 f5 26. Qg3 Qe7 27. Kf1 f4
28. Qg4 h5 29. Qd1 e4 30. Qe1 e3 31. f3 e2+ 32. Kg1 Qg5 33. Kh2 Re8 34. Rg1 Re3
35. Qf2 h4 36. Kh1 Rd8 37. Qe1 Nf5 38. Qc3+ Qf6 39. Qxf6+ Kxf6 40. Rge1 Rde8
41. Bd5 Ng3+ 42. Kg1 Ke5 43. Bf7 Re7 44. Bxg6 Nf1 45. Kf2 Ng3 46. b3 Rg7 47.
Be8 Kd6 48. Rxe2 Rxe2+ 49. Kg1 Rxe8 0-1

[Event "Hamburg Harburg 12th E"]
[Site "Hamburg"]
[Date "2017.08.06"]
[Round "5.3"]
[White "Sharma, Rishi"]
[Black "Pubantz, Richard"]
[Result "1/2-1/2"]
[WhiteElo "1633"]
[BlackElo "1608"]
[PlyCount "51"]
[EventDate "2017.08.06"]
[EventType "tourn"]
[EventRounds "5"]
[EventCountry "GER"]
[SourceDate "2017.08.14"]
[WhiteTeam "SF Sasel 1947"]
[BlackTeam "SK Ricklingen"]

1. Nf3 d5 2. c4 c6 3. d4 Nf6 4. h3 e6 5. Nc3 Nbd7 6. Bf4 Be7 7. e3 a6 8. c5 b6
9. b4 O-O 10. Bd3 a5 11. a3 Ba6 12. Bxa6 Rxa6 13. Qd3 Qa8 14. b5 cxb5 15. Nxb5
Qc6 16. Nc7 Ra7 17. cxb6 Nxb6 18. Nb5 Raa8 19. Ne5 Qb7 20. Rc1 Rfc8 21. O-O
Nfd7 22. Nxd7 Qxd7 23. Rc7 Rxc7 24. Nxc7 Rc8 25. Qa6 Nc4 26. Nb5 1/2-1/2

[Event "Hamburg Harburg 12th F"]
[Site "Hamburg"]
[Date "2017.08.04"]
[Round "1.2"]
[White "Frackowiak, Stanislaw"]
[Black "Aleanakian, Gabriel"]
[Result "1-0"]
[WhiteElo "1500"]
[BlackElo "1500"]
[PlyCount "81"]
[EventDate "2017.08.06"]
[EventType "tourn"]
[EventRounds "5"]
[EventCountry "GER"]
[SourceDate "2017.08.14"]

1. d4 c5 2. e3 d5 3. Nf3 e6 4. c3 Nc6 5. Bd3 Nf6 6. Nbd2 Bd6 7. O-O O-O 8. e4
e5 9. dxe5 Nxe5 10. Nxe5 Bxe5 11. exd5 Bxh2+ 12. Kxh2 Ng4+ 13. Kg1 Qh4 14. Nf3
Qh5 15. Bf4 Nf6 16. c4 Bg4 17. Bg3 Qh6 18. Re1 Nh5 19. Bh2 f5 20. Re6 Rf6 21.
Rxf6 gxf6 22. Qe2 Kh8 23. Qe3 Qg7 24. Nh4 f4 25. Bxf4 Bd7 26. Nf5 Qg4 27. f3
Qxf4 28. Qxf4 Nxf4 29. Bc2 Ne2+ 30. Kf2 Bxf5 31. Bxf5 Nd4 32. Bd3 Re8 33. Re1
Rxe1 34. Kxe1 Kg7 35. Kd2 {(laut beiden Partieformularen geschah 35.Ke2)} h6
36. g4 a6 37. Ke3 b5 38. cxb5 axb5 39. b4 c4 40. Kxd4 cxd3 41. Kxd3 1-0

[Event "Hamburg Harburg 12th F"]
[Site "Hamburg"]
[Date "2017.08.04"]
[Round "1.1"]
[White "Kort, Felix"]
[Black "Priess, Holger"]
[Result "1/2-1/2"]
[WhiteElo "1464"]
[BlackElo "1414"]
[PlyCount "46"]
[EventDate "2017.08.06"]
[EventType "tourn"]
[EventRounds "5"]
[EventCountry "GER"]
[SourceDate "2017.08.14"]
[WhiteTeam "Hamburger SK von 1830 eV"]
[BlackTeam "SF Hamburg e.V. 1934"]

1. d4 d5 2. c4 e6 3. Nc3 Nf6 4. Nf3 Bb4 5. Bg5 Bxc3+ 6. bxc3 Nbd7 7. e3 O-O 8.
Bd3 h6 9. Bh4 c6 10. O-O Qa5 11. Qc2 dxc4 12. Bxc4 Qh5 13. Bg3 b5 14. Be2 Qd5
15. c4 bxc4 16. Bxc4 Qa5 17. Bb3 Bb7 18. Rab1 c5 19. Qd2 Qxd2 20. Nxd2 cxd4 21.
exd4 Bd5 22. Bxd5 Nxd5 23. Rfc1 Rfc8 1/2-1/2

[Event "Hamburg Harburg 12th F"]
[Site "Hamburg"]
[Date "2017.08.05"]
[Round "2.3"]
[White "Kort, Felix"]
[Black "Frackowiak, Stanislaw"]
[Result "0-1"]
[WhiteElo "1464"]
[BlackElo "1500"]
[PlyCount "76"]
[EventDate "2017.08.06"]
[EventType "tourn"]
[EventRounds "5"]
[EventCountry "GER"]
[SourceDate "2017.08.14"]
[WhiteTeam "Hamburger SK von 1830 eV"]
[BlackTeam "Hamburger SK von 1830 eV"]

1. d4 Nf6 2. c4 e6 3. Nc3 Bb4 4. Bg5 h6 5. Bf4 b6 6. Nf3 g5 7. Bg3 Bb7 8. e3
Ne4 9. Rc1 Bxc3+ 10. bxc3 Nxg3 11. hxg3 Qf6 12. Ne5 d6 13. Ng4 Qg7 14. f3 Nd7
15. Bd3 O-O-O 16. Rb1 f5 17. Nf2 Rdf8 18. g4 f4 19. e4 e5 20. d5 Nc5 21. Bc2
Qg6 22. Ba4 Kb8 23. Rh5 Bc8 24. Nd3 Nxe4 25. Qc2 (25. fxe4 Qxe4+ 26. Kd2 Qxg2+
27. Kc1 f3 $19) 25... Ng3 26. Rh3 h5 27. Nxe5 Qxc2 28. Nc6+ Kb7 29. Bxc2 hxg4
30. Ba4 Ka8 31. fxg4 Bxg4 32. Rxh8 Rxh8 33. Rb2 Re8+ 34. Kf2 Ne4+ 35. Kf1 Nxc3
36. Bb5 Nxb5 37. Rxb5 Be2+ 38. Kf2 Bxc4 0-1

[Event "Hamburg Harburg 12th F"]
[Site "Hamburg"]
[Date "2017.08.05"]
[Round "2.2"]
[White "Aleanakian, Gabriel"]
[Black "Tietze, Tobias"]
[Result "1/2-1/2"]
[WhiteElo "1549"]
[BlackElo "1356"]
[PlyCount "77"]
[EventDate "2017.08.06"]
[EventType "tourn"]
[EventRounds "5"]
[EventCountry "GER"]
[SourceDate "2017.08.14"]
[WhiteTeam "SF Sasel 1947"]
[BlackTeam "Niendorfer TSV 1919 SAbt"]

1. Nf3 Nf6 2. c4 g6 3. d4 Bg7 4. Nc3 O-O 5. e4 d6 6. Be2 e5 7. dxe5 dxe5 8. O-O
Na6 9. Bg5 Qxd1 10. Raxd1 Bg4 11. h3 Bxf3 12. Bxf3 h6 13. Bh4 Rad8 14. Nd5 g5
15. Ne7+ Kh7 16. Bg3 Nc5 17. Nd5 Nfxe4 18. Bh2 c6 19. Ne3 a5 20. Be2 f5 21.
Rxd8 Rxd8 22. Rd1 Rxd1+ 23. Bxd1 Kg6 24. g4 f4 25. Nf5 Nd3 26. f3 Nxb2 27. Bc2
Nc5 28. Kf1 Kf6 29. Ke2 Nxc4 30. Bg1 b6 31. Bxc5 bxc5 32. Kd3 Nb6 33. a4 Nd5
34. Bb3 Bf8 35. Ke4 Nc3+ 36. Kd3 Nd5 37. Ke4 Nc3+ 38. Kd3 Nd5 39. Ke4 1/2-1/2

[Event "Hamburg Harburg 12th F"]
[Site "Hamburg"]
[Date "2017.08.05"]
[Round "2.1"]
[White "Priess, Holger"]
[Black "Herrmann, Sabine"]
[Result "1-0"]
[WhiteElo "1414"]
[BlackElo "1452"]
[PlyCount "121"]
[EventDate "2017.08.06"]
[EventType "tourn"]
[EventRounds "5"]
[EventCountry "GER"]
[SourceDate "2017.08.14"]
[WhiteTeam "SF Hamburg e.V. 1934"]
[BlackTeam "SF Hamburg e.V. 1934"]

1. e4 e5 2. Nf3 d6 3. Bc4 h6 4. c3 Qf6 5. d4 Bg4 6. dxe5 dxe5 7. Qd3 Nc6 8. Bd5
a6 9. Bxc6+ Qxc6 10. Nxe5 Qe6 11. Nxg4 Qxg4 12. Qf3 Qg6 13. Bf4 Qb6 14. b4 Be7
15. O-O Bg5 16. Nd2 O-O-O 17. Nc4 Qb5 18. Ne5 Rf8 19. Rfd1 Ne7 20. Rd7 Ng6 21.
Nxg6 fxg6 22. Rxc7+ Kb8 23. Rc5+ Rxf4 24. Rxb5 Rxf3 25. Rxg5 Rxc3 26. Rxg6 Rhc8
27. h3 R8c7 28. f3 Rc2 29. a3 Ka7 30. Kh2 R7c3 31. Kg3 Rc7 32. e5 Re2 33. e6
Re7 34. Rd1 R2xe6 35. Rxe6 Rxe6 36. Kf4 Rf6+ 37. Ke5 Rc6 38. Rd7 g5 39. Rd6 Rc2
40. Rxh6 Rxg2 41. h4 Re2+ 42. Kf5 gxh4 43. Rxh4 Re3 44. f4 Rxa3 45. Kg5 Rd3 46.
f5 Rd8 47. Kg6 Kb6 48. f6 Rg8+ 49. Kf7 Rg2 50. Re4 Rc2 51. Ke8 Rc8+ 52. Kf7 Kb5
53. Kg7 Rc1 54. Rg4 Rf1 55. f7 a5 56. bxa5 Kxa5 57. f8=Q Rxf8 58. Kxf8 b5 59.
Ke7 b4 60. Ke6 Ka4 61. Kd5 1-0

[Event "Hamburg Harburg 12th F"]
[Site "Hamburg"]
[Date "2017.08.05"]
[Round "3.2"]
[White "Tietze, Tobias"]
[Black "Kort, Felix"]
[Result "1-0"]
[WhiteElo "1356"]
[BlackElo "1464"]
[PlyCount "87"]
[EventDate "2017.08.06"]
[EventType "tourn"]
[EventRounds "5"]
[EventCountry "GER"]
[SourceDate "2017.08.14"]
[WhiteTeam "Niendorfer TSV 1919 SAbt"]
[BlackTeam "Hamburger SK von 1830 eV"]

1. e4 e5 2. f4 Bc5 3. Nf3 Nc6 4. Bc4 d6 5. Nc3 Bd7 6. Na4 Bb6 7. Nxb6 axb6 8.
O-O Nf6 9. d3 O-O 10. fxe5 dxe5 11. Bg5 h6 12. Bh4 Re8 13. Nd2 g5 14. Qf3 Kg7
15. Bf2 Bg4 16. Qg3 Nd4 17. Bxd4 Qxd4+ 18. Qf2 Qxf2+ 19. Rxf2 Be6 20. Raf1 Bxc4
21. Nxc4 Re6 22. a3 Rf8 23. Nxe5 Rxe5 24. Rxf6 Rc5 25. c3 Rb5 26. b4 Re5 27.
R1f2 Re7 28. R6f3 Ra8 29. Ra2 c5 30. Kf2 f6 31. Rf5 Re5 32. g4 c4 33. Rxe5 fxe5
34. dxc4 Rc8 35. c5 bxc5 36. b5 Rd8 37. Ke2 Kf7 38. a4 Ke7 39. a5 Kd7 40. Rd2+
Kc7 41. Rxd8 Kxd8 42. Kd3 Kc7 43. Kc4 b6 44. a6 1-0

[Event "Hamburg Harburg 12th F"]
[Site "Hamburg"]
[Date "2017.08.05"]
[Round "3.1"]
[White "Frackowiak, Stanislaw"]
[Black "Priess, Holger"]
[Result "1-0"]
[WhiteElo "1500"]
[BlackElo "1414"]
[PlyCount "44"]
[EventDate "2017.08.06"]
[EventType "tourn"]
[EventRounds "5"]
[EventCountry "GER"]
[SourceDate "2017.08.14"]
[WhiteTeam "Hamburger SK von 1830 eV"]
[BlackTeam "SF Hamburg e.V. 1934"]

1. d4 d5 2. Nf3 Nf6 3. e3 Bf5 4. Nbd2 e6 5. c4 Nc6 6. a3 Be7 7. Be2 O-O 8. O-O
a6 9. Nh4 Bg6 10. Nxg6 fxg6 11. cxd5 exd5 12. Nf3 Ne4 13. Qc2 Bd6 14. Bd3 Rxf3
15. Bxe4 Rf8 16. Bxd5+ Kh8 17. f4 Qd7 18. Bd2 Rab8 19. Be4 Ne7 20. Rf3 Nf5 21.
Bxf5 Qxf5 22. e4 Qh5 {Rest unklar / 50.} 1-0

[Event "Hamburg Harburg 12th F"]
[Site "Hamburg"]
[Date "2017.08.05"]
[Round "3.3"]
[White "Herrmann, Sabine"]
[Black "Aleanakian, Gabriel"]
[Result "0-1"]
[WhiteElo "1452"]
[BlackElo "1549"]
[PlyCount "62"]
[EventDate "2017.08.06"]
[EventType "tourn"]
[EventRounds "5"]
[EventCountry "GER"]
[SourceDate "2017.08.14"]
[WhiteTeam "SF Hamburg e.V. 1934"]
[BlackTeam "SF Sasel 1947"]

1. e4 c5 2. c3 Nc6 3. Nf3 g6 4. d4 cxd4 5. Nxd4 Bg7 6. Be3 Nf6 7. Bd3 O-O 8. h3
d5 9. Nd2 dxe4 10. Bxe4 Nxe4 11. Nxe4 Nxd4 12. Bxd4 Bxd4 13. cxd4 Qa5+ 14. Nc3
Rd8 15. O-O Qb6 16. Qe2 e6 17. d5 exd5 18. Nxd5 Rxd5 19. Qe8+ Kg7 20. Rac1 Rd8
21. Qe5+ Qf6 22. Qb5 Be6 23. Qxb7 Bxa2 24. b3 Qe6 25. Qf3 Qxb3 26. Rc3 Qd5 27.
Qe2 Qe6 {[#]} 28. Qb2 (28. Re3 Qc4 29. Qb2+ Kg8 30. Ra3 {gewinnt die Figur
zurÃ1/4ck}) 28... Qf6 $19 29. Ra1 {[#]} Rd3 30. Rac1 Rc8 31. R3c2 Qxb2 {Die
Fesselung sehr nett ausgenÃ1/4tzt.} 0-1

[Event "Hamburg Harburg 12th F"]
[Site "Hamburg"]
[Date "2017.08.06"]
[Round "4.3"]
[White "Frackowiak, Stanislaw"]
[Black "Tietze, Tobias"]
[Result "0-1"]
[WhiteElo "1500"]
[BlackElo "1356"]
[PlyCount "62"]
[EventDate "2017.08.06"]
[EventType "tourn"]
[EventRounds "5"]
[EventCountry "GER"]
[SourceDate "2017.08.14"]
[WhiteTeam "Hamburger SK von 1830 eV"]
[BlackTeam "Niendorfer TSV 1919 SAbt"]

1. d4 Nf6 2. Nf3 g6 3. e3 Bg7 4. Bd3 O-O 5. O-O d6 6. Nbd2 Nc6 7. c3 e5 8. e4
Nh5 9. d5 Ne7 10. c4 f5 11. Qb3 f4 12. c5 Bg4 13. cxd6 cxd6 14. Qxb7 Rf7 15. b3
Nf5 16. Ba3 Rxb7 17. Bc4 Bf8 18. exf5 Bxf5 19. Rfe1 g5 20. Bb2 Bg7 21. Ne4 Bxe4
22. Rxe4 g4 23. Nd2 Qb6 24. Rf1 g3 25. Nf3 Bf6 26. Bd3 Rg7 27. a3 gxh2+ 28.
Kxh2 Kh8 29. Rg1 Rag8 30. Bf1 {[%cal Gg7g6,Gg6h6]} Rg6 $1 31. a4 Rh6 0-1

[Event "Hamburg Harburg 12th F"]
[Site "Hamburg"]
[Date "2017.08.06"]
[Round "4.2"]
[White "Kort, Felix"]
[Black "Herrmann, Sabine"]
[Result "1-0"]
[WhiteElo "1464"]
[BlackElo "1452"]
[PlyCount "55"]
[EventDate "2017.08.06"]
[EventType "tourn"]
[EventRounds "5"]
[EventCountry "GER"]
[SourceDate "2017.08.14"]
[WhiteTeam "Hamburger SK von 1830 eV"]
[BlackTeam "SF Hamburg e.V. 1934"]

1. d4 d5 2. c4 Nf6 3. Nc3 Ne4 4. Nxd5 e6 5. Nc3 Nxc3 6. bxc3 c6 7. Nf3 c5 8.
Bf4 cxd4 9. cxd4 Bb4+ 10. Bd2 Bxd2+ 11. Qxd2 O-O 12. e3 h6 13. Be2 Qf6 14. O-O
Bd7 15. Ne5 Bc6 16. f4 Rd8 17. Bf3 Bxf3 18. Rxf3 Nd7 19. Raf1 Nc5 20. Qc2 Na6
21. Qb1 b6 22. a3 Nc7 23. f5 Qh4 24. fxe6 fxe6 25. Qg6 Rf8 26. Rxf8+ Rxf8 27.
Rxf8+ Kxf8 28. Qf7# 1-0

[Event "Hamburg Harburg 12th F"]
[Site "Hamburg"]
[Date "2017.08.06"]
[Round "4.1"]
[White "Priess, Holger"]
[Black "Aleanakian, Gabriel"]
[Result "1/2-1/2"]
[WhiteElo "1414"]
[BlackElo "1549"]
[PlyCount "72"]
[EventDate "2017.08.06"]
[EventType "tourn"]
[EventRounds "5"]
[EventCountry "GER"]
[SourceDate "2017.08.14"]
[WhiteTeam "SF Hamburg e.V. 1934"]
[BlackTeam "SF Sasel 1947"]

1. e4 c5 2. Nc3 Nc6 3. Bb5 Nd4 4. Ba4 a6 5. d3 b5 6. Bb3 Nxb3 7. cxb3 g6 8. Nf3
d6 9. h3 Bg7 10. O-O Nf6 11. Bg5 O-O 12. Re1 Nd7 13. Qd2 Ne5 14. Nxe5 Bxe5 15.
Nd5 Re8 16. Rac1 f6 17. Bh6 e6 18. Ne3 f5 19. exf5 exf5 20. Nd5 Bd7 21. b4 Be6
22. Bg5 Qb8 23. Rxe5 dxe5 24. Nf6+ Kf7 25. Nxe8 Qxe8 26. bxc5 Bd5 27. b4 Qc6
28. g3 Bh1 29. f3 Bxf3 30. Kh2 Ra7 31. Qe3 Qd5 32. Rf1 e4 33. dxe4 Bxe4 34. Bf4
Ra8 35. Qb3 Qxb3 36. axb3 Rc8 1/2-1/2

[Event "Hamburg Harburg 12th F"]
[Site "Hamburg"]
[Date "2017.08.06"]
[Round "5.2"]
[White "Herrmann, Sabine"]
[Black "Frackowiak, Stanislaw"]
[Result "1/2-1/2"]
[WhiteElo "1452"]
[BlackElo "1500"]
[PlyCount "115"]
[EventDate "2017.08.06"]
[EventType "tourn"]
[EventRounds "5"]
[EventCountry "GER"]
[SourceDate "2017.08.14"]
[WhiteTeam "SF Hamburg e.V. 1934"]
[BlackTeam "Hamburger SK von 1830 eV"]

1. e4 c5 2. c3 Nf6 3. d3 Nc6 4. Nf3 d6 5. h3 e5 6. Bg5 Be7 7. Bxf6 Bxf6 8. Nh2
Qb6 9. Qd2 h6 10. Be2 Bg5 11. Qc2 Be6 12. Nf3 Bf6 13. Nbd2 O-O 14. Nc4 Qc7 15.
Nh2 d5 16. Nd2 d4 17. Nc4 b5 18. Nd2 Rfd8 19. c4 a6 20. a3 Qa5 21. Bg4 Bd7 22.
Bxd7 Rxd7 23. Ng4 Bg5 24. O-O-O b4 25. a4 Rb8 26. b3 Qd8 27. Kb2 Ne7 28. Nxe5
Rd6 29. Ndf3 f6 30. Ng4 f5 31. Nxg5 fxg4 32. hxg4 hxg5 33. Qd2 Ng6 34. Rh5 Nf4
35. Rh2 Rh6 36. Rdh1 Rbb6 37. g3 Rxh2 38. Rxh2 Ne6 39. Qd1 Nf8 40. Qh1 Ng6 41.
f4 Qe7 42. e5 gxf4 43. Qd5+ Re6 44. gxf4 Nxf4 45. Qe4 Ng6 46. Rh5 Nf8 47. Qd5
g6 48. Rh6 Kg7 49. Qh1 Rxe5 50. Rh2 Re3 51. Kc2 Re1 52. Qf3 Ra1 53. Kb2 Qe1 (
53... Rg1 54. Re2 Qf7 $19) 54. Qb7+ Kg8 55. Qd5+ Kg7 56. Qb7+ Kg8 57. Qd5+ Ne6
58. Qa8+ 1/2-1/2

[Event "Hamburg Harburg 12th F"]
[Site "Hamburg"]
[Date "2017.08.06"]
[Round "5.3"]
[White "Aleanakian, Gabriel"]
[Black "Kort, Felix"]
[Result "1-0"]
[WhiteElo "1549"]
[BlackElo "1464"]
[PlyCount "63"]
[EventDate "2017.08.06"]
[EventType "tourn"]
[EventRounds "5"]
[EventCountry "GER"]
[SourceDate "2017.08.14"]
[WhiteTeam "SF Sasel 1947"]
[BlackTeam "Hamburger SK von 1830 eV"]

1. Nf3 d5 2. c4 Nf6 3. cxd5 Nxd5 4. d4 Bg4 5. e4 Nf6 6. Nc3 e6 7. Qb3 Qc8 8.
Be2 Nbd7 9. h3 Bxf3 10. Bxf3 c6 11. O-O Be7 12. d5 Nc5 13. Qd1 O-O 14. d6 Bd8
15. Be3 Ncd7 16. Bg4 Ba5 17. Bf3 Rd8 18. Bg5 h6 19. Bxf6 Nxf6 20. e5 Nd7 21.
Re1 f6 22. exf6 Nxf6 23. Re5 Bc7 24. Ne4 Nxe4 25. Rxe4 Bxd6 26. Qb3 Re8 27. Bg4
Qc7 28. Rxe6 Rxe6 29. Qxe6+ Kf8 30. Re1 Bc5 31. Qf5+ Kg8 32. Qxc5 1-0

[Event "Hamburg Harburg 12th F"]
[Site "Hamburg"]
[Date "2017.08.06"]
[Round "5.1"]
[White "Tietze, Tobias"]
[Black "Priess, Holger"]
[Result "1-0"]
[WhiteElo "1356"]
[BlackElo "1414"]
[PlyCount "71"]
[EventDate "2017.08.06"]
[EventType "tourn"]
[EventRounds "5"]
[EventCountry "GER"]
[SourceDate "2017.08.14"]
[WhiteTeam "Niendorfer TSV 1919 SAbt"]
[BlackTeam "SF Hamburg e.V. 1934"]

1. e4 e5 2. f4 exf4 3. Bc4 Qh4+ 4. Kf1 Bc5 5. d4 Bb6 6. Nf3 Qe7 7. Nc3 d6 8.
Bxf4 Nf6 9. Qd3 O-O 10. Re1 Nc6 11. Bg5 Nb4 12. Qd2 Bg4 13. a3 Nxc2 14. Qxc2
Bxf3 15. gxf3 Bxd4 16. Nd5 Qd8 17. Rd1 c5 18. Rxd4 cxd4 19. Nxf6+ gxf6 20. Bh6
Kh8 21. Bxf8 Qxf8 22. Qd2 Qc8 23. b3 Qh3+ 24. Qg2 Qxg2+ 25. Kxg2 Kg7 26. Rd1
Rc8 27. Rxd4 Rc6 28. Kg3 a6 29. a4 Kg6 30. Rd2 Rc5 31. Rxd6 Rg5+ 32. Kf2 Rh5
33. Rd7 b5 34. axb5 Rxh2+ 35. Kg3 Ra2 36. b6 1-0

[Event "Hamburg Harburg 12th G"]
[Site "Hamburg"]
[Date "2017.08.04"]
[Round "1.3"]
[White "Botermann, Paul"]
[Black "Bosse, Christian"]
[Result "0-1"]
[WhiteElo "1160"]
[BlackElo "1223"]
[PlyCount "84"]
[EventDate "2017.08.06"]
[EventType "tourn"]
[EventRounds "5"]
[EventCountry "GER"]
[SourceDate "2017.08.14"]
[WhiteTeam "Hamburger SK von 1830 eV"]
[BlackTeam "Schachfreunde Nordost Berlin"]

1. e4 Nf6 2. Nc3 d5 3. d3 dxe4 4. dxe4 Qxd1+ 5. Nxd1 Nxe4 6. Bd3 Nf6 7. Nf3 Bg4
8. Bg5 Bxf3 9. gxf3 Nbd7 10. Ne3 e6 11. O-O-O Be7 12. Bf4 c6 13. Rhg1 g6 14. h4
Nh5 15. Bg3 a5 16. a4 Nc5 17. b3 Rd8 18. Bc4 O-O 19. Bc7 Ra8 20. Rh1 Rfc8 21.
Be5 b5 22. axb5 cxb5 23. Bxb5 Nxb3+ 24. Kb2 Nc5 25. Ng4 f6 26. Bd6 Bf8 27. Bxc5
Rxc5 28. Bd3 f5 29. Ne3 Rb8+ 30. Kc1 Rcc8 31. c4 a4 32. Kc2 Rb7 33. Rb1 Rxb1
34. Rxb1 a3 35. Ra1 Ra8 36. Ra2 Rb8 37. Nd1 Nf4 38. Bf1 Be7 39. Nc3 Rb2+ 40.
Rxb2 axb2 41. Kxb2 Bxh4 42. c5 Bd8 0-1

[Event "Hamburg Harburg 12th G"]
[Site "Hamburg"]
[Date "2017.08.04"]
[Round "1.1"]
[White "Herzog, Mike"]
[Black "Schmidt, Aliyah"]
[Result "0-1"]
[WhiteElo "1296"]
[BlackElo "1176"]
[PlyCount "112"]
[EventDate "2017.08.06"]
[EventType "tourn"]
[EventRounds "5"]
[EventCountry "GER"]
[SourceDate "2017.08.14"]
[WhiteTeam "SC Turm Lüneburg e.V."]
[BlackTeam "SK Weisse Dame Hamburg"]

1. c4 e6 2. d4 d5 3. e3 Nf6 4. Nf3 Be7 5. b3 O-O 6. Be2 b6 7. O-O Bb7 8. Qc2
Nbd7 9. Bb2 c5 10. dxc5 Nxc5 11. Nc3 dxc4 12. Bxc4 Bxf3 13. gxf3 Qc7 14. Ne2
Rfd8 15. Kh1 Qc6 16. Ng1 b5 17. Be2 Rd5 18. Rad1 Rad8 19. Rxd5 Rxd5 20. b4 a6
21. Rc1 Rh5 22. Kg2 Qd6 23. f4 Ncd7 24. Rd1 Rd5 25. a3 Rxd1 26. Qxd1 Qxd1 27.
Bxd1 Nb6 28. Nf3 Nc4 29. Bc1 Ne4 30. Nd4 Bh4 31. f3 Nc3 32. Bb3 Nd5 33. e4 Bf6
34. e5 Bd8 35. Nc2 Bb6 36. Bxc4 bxc4 37. a4 g6 38. Ba3 Nxf4+ 39. Kg3 Nd3 40. f4
h5 41. Kf3 Kf8 42. b5+ Ke8 43. bxa6 Kd7 44. Ne3 c3 45. Nc4 Ba7 46. Ke4 Nc5+ 47.
Bxc5 Bxc5 48. Kd3 Kc7 49. Kxc3 Bg1 50. a5 Bxh2 51. Nb6 Kb8 52. Kc4 Bg1 53. Kb5
h4 54. Nd7+ Kc7 55. Nf6 h3 56. Ng4 h2 0-1

[Event "Hamburg Harburg 12th G"]
[Site "Hamburg"]
[Date "2017.08.04"]
[Round "1.2"]
[White "Bildat, Emilia"]
[Black "Eichelbaum, Georg"]
[Result "0-1"]
[WhiteElo "1345"]
[BlackElo "1353"]
[PlyCount "72"]
[EventDate "2017.08.06"]
[EventType "tourn"]
[EventRounds "5"]
[EventCountry "GER"]
[SourceDate "2017.08.14"]
[WhiteTeam "SC Turm Lüneburg e.V."]
[BlackTeam "SV Glück auf Rüdersdorf e.V."]

1. d4 Nf6 2. Bf4 g6 3. e3 Bg7 4. Nf3 d6 5. h3 O-O 6. Be2 Nbd7 7. O-O c5 8. c3
b6 9. Nbd2 Bb7 10. Qb3 cxd4 11. exd4 Nh5 12. Bh2 e5 13. dxe5 dxe5 14. Qc2 f5
15. Bc4+ Kh8 16. Kh1 Rc8 17. Qa4 e4 18. Ng1 Nc5 19. Qc2 Qg5 20. b4 Nd3 21. Rad1
a6 22. a4 f4 23. b5 axb5 24. axb5 Ng3+ 25. Bxg3 fxg3 26. Bxd3 Rxc3 27. Qa4 exd3
28. Ndf3 Bxf3 29. Nxf3 Rxf3 30. fxg3 Rxf1+ 31. Rxf1 Qd8 32. Rd1 h5 33. Qe4 Kh7
34. Qe1 Qd5 35. Rb1 d2 36. Qd1 Rxg3 0-1

[Event "Hamburg Harburg 12th G"]
[Site "Hamburg"]
[Date "2017.08.05"]
[Round "2.2"]
[White "Eichelbaum, Georg"]
[Black "Botermann, Paul"]
[Result "1-0"]
[WhiteElo "1353"]
[BlackElo "1160"]
[PlyCount "67"]
[EventDate "2017.08.06"]
[EventType "tourn"]
[EventRounds "5"]
[EventCountry "GER"]
[SourceDate "2017.08.14"]
[WhiteTeam "SV Glück auf Rüdersdorf e.V."]
[BlackTeam "Hamburger SK von 1830 eV"]

1. e4 e5 2. Nf3 Nc6 3. Bb5 a6 4. Ba4 Nf6 5. O-O Bc5 6. Re1 O-O 7. Bxc6 dxc6 8.
Nxe5 Qd6 (8... Qd4) 9. Nf3 Ng4 10. d4 Bb6 11. h3 Nh6 12. c4 Qe6 13. b3 Re8 14.
Nc3 c5 15. d5 Qg6 16. Kh1 f5 17. Bxh6 Qxh6 18. Qd3 f4 19. e5 Ba5 20. Re2 Bg4
21. Kg1 Bxf3 22. Qxf3 Qg5 23. e6 Qf6 24. Rc1 b5 25. Ne4 Qf8 26. cxb5 axb5 27.
Nxc5 Bb4 28. Nd7 Qe7 29. Qxf4 Bd6 30. Qg4 Ra7 31. f4 Raa8 32. Rec2 h6 33. f5
Qd8 34. f6 1-0

[Event "Hamburg Harburg 12th G"]
[Site "Hamburg"]
[Date "2017.08.05"]
[Round "2.3"]
[White "Herzog, Mike"]
[Black "Bildat, Emilia"]
[Result "1/2-1/2"]
[WhiteElo "1296"]
[BlackElo "1308"]
[PlyCount "105"]
[EventDate "2017.08.06"]
[EventType "tourn"]
[EventRounds "5"]
[EventCountry "GER"]
[SourceDate "2017.08.14"]
[WhiteTeam "SC Turm Lüneburg e.V."]
[BlackTeam "SC Turm Lüneburg e.V."]

1. e4 e5 2. Nf3 Nc6 3. Bc4 h6 4. d4 exd4 5. O-O Bc5 6. c3 d3 7. Qxd3 d6 8. Re1
Nge7 9. a4 a6 10. b4 Ba7 11. Bd5 Ne5 12. Nxe5 dxe5 13. Bxf7+ Kxf7 14. Qf3+ Kg8
15. Rd1 Qe8 16. c4 Bd4 17. Ra3 Qf7 18. Qg3 Qg6 19. Qh4 Qg4 20. Qxg4 Bxg4 21.
Rdd3 Kh7 22. Kf1 Be6 23. Nd2 b6 24. Ke2 c5 25. b5 axb5 26. axb5 Rxa3 27. Rxa3
Rb8 28. f3 Nc8 29. Ra4 Nd6 30. Kd3 Bc8 31. Nb3 Bb7 32. Nxd4 cxd4 33. Ba3 Ne8
34. c5 bxc5 35. Bxc5 Rc8 36. Rc4 Kg6 37. g3 Nc7 38. Bd6 Nxb5 39. Rxc8 Bxc8 40.
Bxe5 Bh3 41. Bxd4 Bf1+ 42. Ke3 Nxd4 43. Kxd4 Bb5 44. Kd5 Kf6 45. Kd6 g5 46. Kd5
Be2 47. f4 gxf4 48. gxf4 Bb5 49. Kd6 h5 50. h4 Be2 51. Kd5 Bg4 52. Kd6 Be6 53.
Kc5 1/2-1/2